Top 500 Girl Names in 1900 (USA) - Statistics

General Stats
  • This quiz has been taken 375 times
  • The average score is 173 of 500
Answer Stats
Hint Answer % Correct
A Anne
97%
L Leah
96%
M Marie
96%
M Mary
96%
A Ann
92%
A Anna
92%
L Lina
91%
E Eliza
90%
E Elisabeth
89%
E Elizabeth
89%
L Lizzie
86%
M Margaret
85%
M Margret
85%
M Marguerite
85%
H Helen
83%
H Helene
83%
E Emma
82%
M Maria
82%
L Laura
81%
L Lora
81%
R Rose
81%
E Emilie
79%
E Emily
79%
C Catharine
78%
E Ella
78%
K Katharine
78%
K Kathryn
78%
C Catherine
77%
E Ellen
77%
F Frances
77%
F Francis
77%
K Katherine
77%
B Bell
75%
C Carol
75%
G Grace
75%
G Gracie
75%
R Ruth
75%
E Evangeline
74%
J Jane
74%
R Rachel
74%
A Alice
73%
C Caroline
73%
E Eva
73%
J Jean
73%
R Rebecca
73%
F Florence
72%
A Annie
71%
E Eleanor
71%
H Hannah
70%
M Mollie
70%
M Molly
70%
O Olivia
70%
S Sara
70%
S Sarah
70%
B Bettie
69%
B Betty
69%
C Charlotte
69%
E Edythe
69%
E Esther
69%
L Lillian
69%
L Lillie
69%
L Lilly
69%
L Lily
69%
L Lottie
69%
L Lucile
69%
L Lucille
69%
L Lucy
69%
M Mae
69%
M May
69%
A Angie
68%
E Ester
68%
L Lou
68%
L Lucinda
68%
R Rosa
68%
J Julia
67%
J Joan
66%
A Amy
65%
J June
65%
C Christina
64%
E Edith
64%
E Evelyn
64%
L Linda
64%
L Louisa
64%
N Nora
64%
B Barbara
63%
I Isabel
63%
I Isabell
63%
I Isabelle
63%
L Louise
63%
O Olive
63%
P Patricia
63%
R Ruby
63%
J Josephine
62%
D Dorothy
61%
N Nannie
61%
S Sue
61%
O Ollie
60%
I Isabella
59%
M Martha
59%
S Susan
59%
A Ava
58%
C Christine
58%
C Clara
58%
H Helena
58%
M Maggie
58%
N Nan
58%
V Victoria
58%
G Georgie
57%
M Millie
57%
R Rosie
57%
C Claire
56%
C Clare
56%
J Judith
56%
N Nancy
56%
A Amanda
55%
A Amelia
55%
A Angela
55%
A Angelina
55%
C Cora
55%
F Flora
55%
G Georgia
55%
H Harriet
55%
E Elsie
54%
H Harriett
54%
J Janet
54%
A Ada
53%
D Daisy
53%
E Edna
53%
E Ellie
53%
J Johanna
53%
M Marian
53%
M Marion
53%
P Paula
53%
I Iris
52%
N Nina
52%
A Audrey
51%
B Bella
51%
L Lola
51%
M Mabel
51%
M Mabelle
51%
M Mable
51%
M Maybelle
51%
B Bonnie
50%
D Doris
50%
K Katie
50%
R Rita
50%
E Elsa
49%
J Josie
49%
M Myra
49%
N Nelle
49%
B Beatrice
48%
I Ivy
48%
K Kate
48%
M Madeleine
48%
M Madeline
48%
A Agnes
47%
E Eloise
47%
E Ethel
47%
E Evie
47%
G Gertie
47%
G Gertrude
47%
H Hazel
47%
I Irene
47%
J Jennie
47%
M Matilda
47%
N Natalie
47%
R Rosalie
47%
A Annabelle
46%
E Elise
46%
P Pauline
46%
V Violet
46%
L Lydia
45%
P Polly
45%
G Gladys
44%
I Ida
44%
L Lena
44%
L Lois
44%
M Minnie
44%
N Naomi
44%
N Nell
44%
S Sophia
44%
A Angeline
43%
N Nellie
43%
V Vera
43%
C Cecelia
42%
C Cecil
42%
C Cecile
42%
C Cecilia
42%
C Connie
42%
C Constance
42%
D Donna
42%
J Jessie
42%
V Veronica
42%
H Hettie
41%
M Mildred
41%
R Roberta
41%
S Sallie
41%
S Sally
41%
A Annette
40%
B Bertha
40%
M Mazie
40%
S Sadie
40%
A Adelaide
39%
B Bess
39%
C Carrie
39%
E Eileen
39%
E Elaine
39%
A Abbie
38%
D Dora
38%
S Sophie
38%
T Teresa
38%
T Theresa
38%
B Bessie
37%
H Hattie
37%
H Henrietta
37%
J Jeanne
37%
A Allie
36%
A Anita
36%
B Billie
36%
K Kathleen
36%
M Marjorie
36%
P Pattie
36%
P Peggy
36%
V Vivian
36%
A Agatha
35%
A Alma
35%
C Cynthia
35%
F Fay
35%
F Faye
35%
C Carolyn
34%
H Hilda
34%
C Carmen
33%
E Eddie
33%
J Joyce
33%
P Pearl
33%
P Pearle
33%
P Pearlie
33%
P Phoebe
33%
S Stella
33%
S Sylvia
33%
E Estell
32%
O Ophelia
32%
A Adele
31%
A Adeline
31%
C Chloe
31%
F Fannie
31%
F Fanny
31%
L Leila
31%
L Lela
31%
L Lila
31%
L Lilla
31%
M Miriam
31%
M Mona
31%
R Rhoda
31%
C Cassie
30%
C Claudie
30%
E Erma
30%
P Phyllis
30%
D Dollie
29%
D Dolly
29%
F Frieda
29%
M Mattie
29%
P Patsy
29%
P Priscilla
29%
B Belle
28%
C Camille
28%
C Claudia
28%
G Geraldine
28%
R Regina
28%
S Susie
28%
T Tina
28%
W Winifred
28%
W Winnie
28%
A Antonia
27%
F Freda
27%
J Jannie
27%
M Maud
27%
M Maude
27%
C Callie
26%
D Dolores
26%
E Estella
26%
J Janie
26%
V Viola
26%
V Virgie
26%
V Virginia
26%
W Wanda
26%
B Blanch
25%
B Blanche
25%
D Delia
25%
E Etta
25%
F Frankie
25%
H Hallie
25%
J Jeanette
25%
J Jeannette
25%
M Myrtle
25%
W Willa
25%
A Addie
24%
B Bernice
24%
C Celia
24%
E Effie
24%
G Genevieve
24%
G Gretchen
24%
L Lorraine
24%
N Norma
24%
E Eugenia
23%
L Loretta
23%
E Emmie
22%
A Arlene
21%
A Augusta
21%
B Bernadette
21%
E Eunice
21%
L Lue
21%
M Margie
21%
O Olga
21%
S Shirley
21%
C Celeste
20%
E Essie
20%
H Hester
20%
L Lee
20%
W Wilma
20%
A Antoinette
19%
C Clarice
19%
C Corine
19%
C Corinne
19%
F Fern
19%
F Ferne
19%
I Irma
19%
M Mandy
19%
M Mina
19%
M Muriel
19%
O Opal
19%
A Alberta
18%
L Lorena
18%
C Cleo
17%
L Lettie
17%
O Ora
17%
T Tillie
17%
A Aurelia
16%
I Imogene
16%
I Ina
16%
L Leona
16%
L Luella
16%
M Maxine
16%
B Beulah
15%
E Elvira
15%
G Georgiana
15%
J Juanita
15%
L Lenore
15%
L Leora
15%
R Reba
15%
C Cordelia
14%
C Cornelia
14%
D Della
14%
E Elma
14%
I Ira
14%
O Ola
14%
R Rena
14%
R Robbie
14%
S Savannah
14%
Y Yvonne
14%
A Alva
13%
L Lulu
13%
M Madge
13%
R Rhea
13%
R Rosetta
13%
T Thelma
13%
B Beryl
12%
E Estelle
12%
G Goldie
12%
L Lula
12%
O Oma
12%
O Ona
12%
S Selma
12%
A Alta
11%
E Ernestine
11%
F Flossie
11%
H Hortense
11%
L Lenora
11%
M Mamie
11%
M Mayme
11%
N Nona
11%
O Octavia
11%
W Willie
11%
A Avis
10%
B Berta
10%
G Geneva
10%
I Ila
10%
I Iva
10%
J Jewel
10%
J Jewell
10%
N Nettie
10%
R Rae
10%
U Una
10%
V Velma
10%
B Birdie
9%
E Elva
9%
L Lessie
9%
M Marcella
9%
M Minerva
9%
N Nola
9%
R Rosella
9%
A Adelia
8%
A Aileen
8%
A Alpha
8%
A Alvina
8%
C Carmela
8%
D Dixie
8%
E Eula
8%
J Johnnie
8%
L Lennie
8%
P Pansy
8%
Q Queen
8%
R Roxie
8%
S Sybil
8%
W Wilhelmina
8%
E Easter
7%
F Florine
7%
G Gussie
7%
I Inez
7%
J Jimmie
7%
L Leola
7%
L Leta
7%
L Lorene
7%
V Verna
7%
C Corrine
6%
D Dovie
6%
E Elnora
6%
F Florida
6%
F Floy
6%
G Golda
6%
I Iona
6%
L Leatha
6%
L Leota
6%
L Letha
6%
L Lovie
6%
M Marietta
6%
N Neva
6%
O Odessa
6%
R Reva
6%
A Albina
5%
B Belva
5%
D Dorothea
5%
E Era
5%
E Erna
5%
I Iola
5%
L Lauretta
5%
L Leone
5%
L Louella
5%
M Maudie
5%
M Mercedes
5%
Z Zella
5%
Z Zola
5%
Z Zora
5%
D Dena
4%
E Elda
4%
L Lavina
4%
L Lelia
4%
L Lona
4%
M Merle
4%
M Myrtie
4%
A Adell
3%
A Aline
3%
A Artie
3%
C Clyde
3%
D Donnie
3%
I Idella
3%
I Ione
3%
L Ludie
3%
M Malinda
3%
M Mathilda
3%
M Meta
3%
O Ocie
3%
T Tessie
3%
T Tommie
3%
V Vada
3%
V Veda
3%
W Wilda
3%
Z Zelma
3%
D Dessie
2%
E Elinor
2%
L Linnie
2%
M Mittie
2%
P Pinkie
2%
V Vesta
2%
V Vida
2%
Z Zula
2%
D Dona
1%
E Esta
1%
H Hulda
1%
L Lida
1%
L Lura
1%
O Orpha
1%
T Tena
1%
T Tennie
1%
V Vina
1%
M Maurine
0%
S Sudie
0%
T Tressie
0%
V Verda
0%
No matching quizzes found
Score Distribution
Percent of People with Each Score
Percentile by Number Answered
Your Score History
You have not taken this quiz